000 00234nam a2200097Ia 4500
008 240331s9999 xx 000 0 und d
082 _bGRI
100 _aGriffiths, M
245 0 _aFeminism and the self :
_bthe web of identity
942 _cL
999 _c1765
_d1765